Normal view
MARC view
- CHINTHANA D. T
Entry Personal Name
001 - CONTROL NUMBER
- control field: 3726
003 - CONTROL NUMBER IDENTIFIER
- control field: OSt
005 - DATE AND TIME OF LATEST TRANSACTION
- control field: 20181015103322.0
008 - FIXED-LENGTH DATA ELEMENTS
- fixed length control field: 181015|| aca||aabn | a|a d
040 ## - CATALOGING SOURCE
- Original cataloging agency: OSt
- Transcribing agency: OSt
100 ## - HEADING--PERSONAL NAME
- Personal name: CHINTHANA D. T
670 ## - SOURCE DATA FOUND
- Source citation: Work cat.: (OSt)15174: CHINTHANA D. T, Development and evaluation of a cassava) Manihot esculenta) storage cum packaging system
